Banca Central / (Record no. 87055)

MARC details
000 -LEADER
campo de control de longitud fija 00965nam a2200241 i 4500
001 - NÚMERO DE CONTROL
campo de control 87055
003 - IDENTIFICADOR DE NÚMERO DE CONTROL
campo de control ES-MaACL
005 - FECHA Y HORA DE LA ÚLTIMA TRANSACCIÓN
campo de control 20230906175600.0
007 - CAMPO FIJO DE DESCRIPCIÓN FÍSICA--INFORMACIÓN GENERAL
campo de control de longitud fija t|
008 - DATOS DE LONGITUD FIJA--INFORMACIÓN GENERAL
campo de control de longitud fija 041217s1967 mx ||||1| spa d
100 1# - ENTRADA PRINCIPAL--NOMBRE DE PERSONA
Nombre de persona Kock, M. H. de.
9 (RLIN) 68420
245 10 - MENCIÓN DEL TÍTULO
Título Banca Central /
Mención de responsabilidad, etc. M.H. de Kock ; versión española de Eduardo Villaseñor ; con un apéndice sobre el Banco de México por Raul Martínez Ostos y otro sobre el Banco Central de la República Argentina por Jeús Prados Arrarte.
250 ## - MENCION DE EDICION
Mención de edición 2ª ed. amp. corr.
260 ## - PUBLICACIÓN, DISTRIBUCIÓN, ETC.
Lugar de publicación, distribución, etc. México :
Nombre del editor, distribuidor, etc. Fondo de Cultura Económica de México,
Fecha de publicación, distribución, etc. [1947] (
Fabricante Gráfica Panamericana S. R.L.)
300 ## - DESCRIPCIÓN FÍSICA
Extensión 568 p. ;
Dimensiones 20 cm.
490 1# - MENCIÓN DE SERIE
Mención de serie Sección de obras de economía
700 1# - ENTRADA AGREGADA--NOMBRE PERSONAL
Nombre de persona Martínez Ostos, Raul.
9 (RLIN) 184020
700 1# - ENTRADA AGREGADA--NOMBRE PERSONAL
Nombre de persona Prados Arrarte, Jesús.
9 (RLIN) 93635
700 1# - ENTRADA AGREGADA--NOMBRE PERSONAL
Nombre de persona Villaseñor, Eduardo.
9 (RLIN) 115157
830 0# - PUNTO DE ACCESO ADICIONAL DE SERIE-TÍTULO UNIFORME
Título uniforme Sección de obras de economía
9 (RLIN) 179924
852 ## - LOCALIZACIÓN
Ubicación ES-MaACL
Número de control de estantería C-4825
Sublocalización o colección R.25414
Holdings
Estatus retirado Estado de pérdida Estado de daño No para préstamo Biblioteca de origen Biblioteca actual Ubicación en estantería Fecha de adquisición Fuente de adquisición Total de préstamos Signatura topográfica completa Código de barras Visto por última vez Precio de reemplazo Tipo de ítem Koha
        Biblioteca del Ateneo de Madrid Biblioteca del Ateneo de Madrid Sala Palomar 17/01/2008     C-4825 1090957 23/02/2023 23/02/2023 Libro impreso